Lejos de África / (Registro nro. 9314)

Detalles MARC
000 -LIDER
fixed length control field 00851nam a22003137a 4500
001 - NÚMERO DE CONTROL
Identificador de número de control 0189
003 - IDENTIFICACDOR DE NÚMERO DE CONTROL
control field DO-SdBNP
005 - DATE AND TIME OF LATEST TRANSACTION
control field 20180130101505.0
007 - CAMPOS FIJOS DE DESCRIPCIÓN FÍSICA
fixed length control field 0189
008 - ELEMENTOS DE LONGITUD FIJA
fixed length control field 151005b 200 1986 sp 00| 0 spa d
020 ## - ISBN
International Standard Book Number 8420428035
040 ## - FUENTE DE CATALOGACIÓN
Agencia que crea de manera original el registro BPMSU
Idioma de catalogación spa
Agencia que realiza la transcripción BPMSU
092 ## - LOCALLY ASSIGNED DEWEY DECIMAL CALL NUMBER
Número de clasificación XXXX
Número de ítem (Cutter) XXXX
100 1# - ASIENTO PRINCIPAL -- NOMBRE PERSONAL
Nombre personal Dinesen, Isak
240 10 - TITULO UNIFORME
Título uniforme Out of Africa
245 10 - MENCIÓN DE TITULO
Título Lejos de África /
Mención de responsabilidad Isak Dinesen ; traducción Barbara McShane, Javier Alfaya
250 ## - MENCIÓN DE EDICION
Mención de edición 2a. ed.
260 ## - PUBLICACIÓN, DISTRIBUCIÓN, ETC. (PIE DE IMPRENTA)
Lugar de publicación, distribución, etc Madrid :
Nombre del editor, distribuidor, etc. Alfaguara,
Fecha de publicación, distribución, etc 1986.
300 ## - DESCRIPCIÓN FÍSICA
Extensión 401 p :
Dimensiones 20 cm.
490 1# - MENCIÓN DE SERIES
Mención de serie Literatura Alfaguara
500 ## - NOTA GENERAL
Nota general Incluye datos biografícos de la autora.
700 12 - ASIENTO SECUNDARIO -- NOMBRE PERSONAL
Nombre personal McShane, Barbara
Mención de responsabilidad trad.
700 12 - ASIENTO SECUNDARIO -- NOMBRE PERSONAL
Nombre personal Alfaya, Javier
Mención de responsabilidad trad.
830 #0 - ASIENTO SECUNDARIO DE SERIE--TÍTULO UNIFORME
Título uniforme Literatura Alfaguara
910 ## - VALIDACIÓN
Validación 144
942 ## - ADDED ENTRY ELEMENTS (KOHA)
Source of classification or shelving scheme Dewey Decimal Classification
Koha item type Libros
945 ## - INFORMACIÓN DE PROCESAMIENTO LOCAL
Información de procesamiento local Inventariado, 2018 / BT
956 ## - LOCAL ELECTRONIC LOCATION AND ACCESS (OCLC)
Nombre de host Yngrid Lockward
Existencias
Withdrawn status Lost status Source of classification or shelving scheme Damaged status Not for loan Collection code Home library Current library Date acquired Source of acquisition Total Checkouts Barcode Date last seen Price effective from Koha item type
    Dewey Decimal Classification     Colección Juvenil General Biblioteca Pública Metropolitana Salomé Ureña Biblioteca Pública Metropolitana Salomé Ureña 03/18/2016 FUNDI   BPMSU16030194 03/18/2016 03/18/2016 Libros